000
00273nam a22001217a 4500
008
181031b xxu||||| |||| 00| 0 eng d
041
_a
eng
080
_2
18th
_a
030
100
_a
23
101
_a
FJA
245
_a
Encyclopedia of Social Work
_c
Minahan,A
942
_2
udc
_c
BK
999
_c
51285
_d
51285